000 00336nam a2200145Ia 4500
100 _aHopcroft/ & Ullman J
942 _cBK
654 _aComputer
245 _aIntd. to automata theory Languages & Computation
260 _bPearson Edu
_aAsia
_c2001
082 _a6.3
_bHOP/MOT
300 _a521
546 _aENGLISH
999 _c21516
_d21516